Name the CountryBall animator - Statistics

General Stats
  • This quiz has been taken 6 times
  • The average score is 5 of 16
Answer Stats
Picture Hint Answer % Correct
Not exactly an animator but just has to be included! Polandball Official
100%
PWA
80%
Cat-God Animation
60%
Kaliningrad General
60%
PolishTortoise
60%
Unnecessary Serb
40%
Basically Thai
20%
CambodianBallAnimations
20%
Icariaball
20%
Taco Boii
20%
CSTPball
0%
Faqids
0%
Huyues
0%
netVel
0%
Account is now deleted but there are still reuploads circling around sh4wt1ez
0%
Studio Alpaca
0%
No matching quizzes found
Score Distribution
Percent of People with Each Score
Percentile by Number Answered
Your Score History
You have not taken this quiz